MARC

LEADER 00000nam0a2200000 4500
001 365516
005 20231102011807.0
035 |a (RuTPU)RU\TPU\retro\22879 
090 |a 365516 
100 |a 20220112d1980 m y0rusy50 ca 
101 0 |a rus 
102 |a RU 
105 |a a j 001zy 
200 1 |a Термодинамика тепловых двигателей  |e учебное пособие  |f И. Б. Гурвич  |g Горьковский политехнический институт имени А. А. Жданова 
210 |a Горький  |c [Б. и.]  |d 1980 
215 |a 62 с.  |c ил. 
320 |a Библиогр.: с. 62 
606 1 |a Тепловые двигатели  |x Термодинамика  |2 stltpush  |3 (RuTPU)RU\TPU\subj\59559  |9 77069 
610 1 |a идеальные циклы 
610 1 |a сопоставление 
610 1 |a наддув 
610 1 |a теоретические циклы 
610 1 |a реальные рабочие вещества 
610 1 |a индикаторные диаграммы 
610 1 |a построение 
610 1 |a энергобалансы 
610 1 |a эксергобаланс 
610 1 |a КПД 
610 1 |a коэффициент полезного действия 
610 1 |a учебные пособия 
675 |a 621.4.01(075.8)  |v 4 
700 1 |a Гурвич  |b И. Б.  |g Илья Борисович 
712 0 2 |a Горьковский политехнический институт имени А. А. Жданова  |c (1950-1990)  |2 stltpush  |3 (RuTPU)RU\TPU\col\2321  |9 23675 
801 1 |a RU  |b 63413507  |c 20220112 
801 2 |a RU  |b 63413507  |c 20220112  |g RCR 
942 |c BK